Pneumatische Längenmessung /

Enregistré dans:
Détails bibliographiques
Auteur principal: Wiemer, G.A (Auteur)
Format: Livre
Langue:allemand
Publié: Berlin : VEB Verlag Technik, 1960
Sujets:
Tags: Ajouter un tag
Pas de tags, Soyez le premier à ajouter un tag!

MARC

LEADER 00000nam a22000003a 4500
001 stu44896
005 20150617225718.0
008 950711s1960----gw------------------ger-d
040 |a STU  |b slo 
041 0 |a ger 
044 |a gw 
100 1 |a Wiemer, G.A  |4 aut 
245 1 |a Pneumatische Längenmessung /  |c [aut.]G.A. Wiemer 
260 |a Berlin :  |b VEB Verlag Technik,  |c 1960 
300 |a 155 s 
650 7 |a Meranie pneumatické  |2 stusub 
650 7 |a dĺžky  |2 stusub 
996 |b 284M015839  |c M*3790-1  |l MMKN  |s A  |a 24  |w stu44896_0001